000 00862cam a2200169 a 4500
020 _a0852244339 :
082 0 0 _a121
_bNAS
_cMl-31,P-178
100 1 _aNasr, Seyyed Hossein.
_9181
245 1 0 _aKnowledge and the sacred /
_cSeyyed Hossein Nasr.
260 _aEdinburgh :
_bEdinburgh University Press,
_cc1981.
300 _aix, 341 p. ;
_c24 cm.
505 0 _aKnowledge and its desacralization -- What is tradition? -- The rediscovery of the sacred -- Scientia sacra -- Man, pontifical and Promethean -- The cosmos as theophany -- Eternity and the temporal order -- Traditional art as fountain of knowledge and grace -- Principal knowledge and the multiplicity of sacred forms -- Knowledge of the sacred as deliverance.
526 _a0
_b0
_c0
_d121_000000000000000_NAS
650 0 _aKnowledge, Theory of (Religion)
_96064
650 0 _aMCE
_9379
942 _2ddc
_cBK
999 _c541932
_d541932